10 países que empienzan con M más cercano a Mónaco - Estadísticas

Estadísticas generales
  • Esta prueba ha sido intentada 243 veces
  • La puntuación promedio es 7 de 10
Estadísticas de respuestas
km país % Correcto
1269 Marruecos
87%
2364 Malí
84%
2329 Mauritania
82%
1563 Moldavia
80%
1029 Malta
77%
1092 Macedonia
75%
903 Montenegro
70%
6452 Malaui
42%
6759 Mozambique
42%
5899 Mongolia
40%
No se encontraron pruebas coincidentes
Distribución de puntuación
Porcentaje de gente con cada puntuación
Porcentaje por número respondido
Historial de tus puntuaciones
No has intentado esta prueba.